000 00553nam a2200181Ia 4500
008 090124s9999 xx 000 0 und d
082 _b21931
100 _aबुवा वि. आ.
245 _a पडल्या पडल्या
250 _a0
260 _bभारतीय प्रकाशन मंदिर
300 _a100
600 _aबुवा वि. आ.
630 _a पडल्या पडल्या
700 _aबुवा वि. आ.
730 _a पडल्या पडल्या
942 _cBOOK
999 _c91653
_d91653